00253 a2200121 4500001000700000040003500007100002300042240002300065245001800088300000700106362000900113440000900122152927 cEscola São Tomás de Aquino aSOUZA, Flávio de10aO barba- azullpor10aO barba- azul a290 a2010 1aFTD